Capitalism and Modern Social Theory : An analysis of the Writtings of Marx, Durkheim and Max Weber /
Giddens, expone y compara las ideas sociológicas que sobre teoría social propusieron tres pensadores contemporáneos: Marx, Durkhheim y Weber. Asimismo, esboza una breve comparación de sociología marxista versus sociología burguesa.
Gardado en:
| Autor Principal: | |
|---|---|
| Formato: | Libro |
| Idioma: | inglés |
| Publicado: |
Nueva York, EUA :
Cambridge University,
1971, c1971
|
| Temas: | |
| Etiquetas: |
Sen Etiquetas, Sexa o primeiro en etiquetar este rexistro!
|
MARC
| LEADER | 00000nam^a2200000^a^4500 | ||
|---|---|---|---|
| 001 | 000326168 | ||
| 005 | 20250521000000.0 | ||
| 009 | 20260310113759.437 | ||
| 020 | |a 0-521-09785-1 | ||
| 037 | |a Acervo ITESO - Biblioteca | ||
| 041 | |a ING | ||
| 082 | |a 300. 1 |b GID | ||
| 100 | |a Giddens, Anthony |e (autor) | ||
| 240 | 1 | 4 | |a [El capitalismo y la moderna teoría social] |
| 245 | 1 | 0 | |a Capitalism and Modern Social Theory : |b An analysis of the Writtings of Marx, Durkheim and Max Weber / |c A. Giddens. |
| 264 | 4 | |a Nueva York, EUA : |b Cambridge University, |c 1971, c1971 | |
| 300 | |a 261 p. | ||
| 336 | |a texto |b txt |2 rdacontenido | ||
| 337 | |a sin mediación |b n |2 rdamedio | ||
| 338 | |a volumen |b nc |2 rdasoporte | ||
| 520 | |a Giddens, expone y compara las ideas sociológicas que sobre teoría social propusieron tres pensadores contemporáneos: Marx, Durkhheim y Weber. Asimismo, esboza una breve comparación de sociología marxista versus sociología burguesa. | ||
| 649 | |a XX | ||
| 650 | |a Sociólogos Alemanes | ||
| 650 | |a Economistas Alemanes | ||
| 650 | |a Sociólogos Franceses | ||
| 650 | |a Sociedad - |x Teoría | ||
| 650 | |a División del Trabajo | ||
| 650 | |a Capitalismo | ||
| 650 | |a Materialismo Histórico y Dialéctico | ||
| 650 | |a Marxismo - |x Historia y Crítica | ||
| 650 | |a Weberanismo - |x Historia y Crítica | ||
| 650 | |a Sociología de la Religión | ||
| 650 | |a Sociología - |x Metodología | ||
| 650 | |a Sociología - |x Teoría | ||
| 650 | |a Marx, Karl - |x Tema Principal | ||
| 650 | |a Weber, Max - |x Tema Principal | ||
| 650 | |a Durkheim, Emile - |x Tema Principal | ||
| 910 | |a Fondo General | ||
| 920 | |a Impresos - Libros | ||
| 930 | |a Colección General | ||
| 905 | |a 101 | ||
| 901 | |a 0500214740 |b IT1 |c ACC |i D58871 |u 20250521 | ||
| 902 | |a https://opac.biblio.iteso.mx/vufind/Record/000326168 | ||